[Event "Asian Zonal 3.3 2019"]
[Site "Ulaanbaatar"]
[Date "2019.04.15"]
[Round "9.1"]
[White "Munguntuul, Batkhuyag"]
[Black "Hoang, Thi Bao Tram"]
[Result "1-0"]
[WhiteElo "2415"]
[BlackElo "2298"]
[Annotator "TA"]
[PlyCount "35"]
[EventDate "2019.04.07"]
[EventType "swiss"]
[EventRounds "9"]
[EventCountry "MGL"]
[SourceTitle "playchess.com"]
[Source "ChessBase"]
[SourceQuality "1"]

{[%evp 1,1,27]} 1. e4 {Predecessor:} e5 $146 2. Nf3 Nf6 3. d4 Nxe4 4. Bd3 d5 5. Nxe5 Nd7 6. Nxd7 Bxd7 7. O-O Bd6 8. Nc3 Nxc3 9. bxc3 O-O 10. Qh5 f5 11. Re1 c6 12. Bg5 Qc7 13. Re3 g6 14. Qh4 Rae8 15. Rae1 Rxe3 16. Rxe3 Re8 17. c4 Rxe3 18. Bxe3 {1-0 (44) Nepomniachtchi,I (2771)-Yu,Y (2761) Astana 2019} 1-0

[Event "Asian Zonal 3.3 2019"]
[Site "Ulaanbaatar"]
[Date "2019.04.15"]
[Round "9.2"]
[White "Gan-Erdene, Sugar"]
[Black "Gomez, John Paul"]
[Result "1/2-1/2"]
[WhiteElo "2375"]
[BlackElo "2460"]
[Annotator "TA"]
[PlyCount "60"]
[EventDate "2019.04.07"]
[EventType "swiss"]
[EventRounds "9"]
[EventCountry "MGL"]
[SourceTitle "playchess.com"]
[Source "ChessBase"]
[SourceQuality "1"]

{[%evp 13,60,37,54,-5,0,-10,-10,-13,20,18,20,24,71,70,46,47,90,89,82,87,92,85,95,102,88,98,95,90,96,99,94,77,85,69,94,86,115,114,122,70,77,63,172,147,151,142,228,133,126]} 1. e4 e5 2. Nf3 Nc6 3. Bc4 Bc5 4. c3 Nf6 5. d3 O-O 6. O-O d5 7. exd5 Nxd5 8. h3 {C54: Giuoco Piano: 4 c3 Nf6, main lines with 5 d4 and 5 d3} (8. Re1 $14) (8. Re1 Bg4 9. Nbd2 Nb6 10. h3 Bh5 11. Bb3 Kh8 12. Ne4 Bd6 13. g4 Bg6 14. d4 exd4 15. Nxd4 Nxd4 16. Qxd4 Be7 {1-0 (48) Giri,A (2783)-Inarkiev,E (2693) St Petersburg 2018}) 8... Nb6 $11 9. Bb5 Re8 $146 ({Predecessor:} 9... Bd6 10. Re1 Ne7 11. d4 exd4 12. Nxd4 c6 13. Bf1 Nf5 14. Nxf5 Bxf5 15. Nd2 Qd7 16. Nb3 Rfe8 17. Rxe8+ Rxe8 {½-½ (59) Movsesian,S (2645)-Inarkiev,E (2679) Biograd 2018}) 10. Re1 {The position is equal.} Bf5 11. a4 {[%cal Ba2a4,Ba4a5][%mdl 32]} e4 12. dxe4 Rxe4 13. b4 Rxe1+ 14. Qxe1 Bd6 15. a5 $1 {[%cal Ra5b6]} Nd7 16. a6 Nce5 17. Nxe5 (17. axb7 Nxf3+ 18. gxf3 Rb8 $15) 17... Nxe5 18. axb7 Rb8 19. Be3 {Strongly threatening Ba6.} Rxb7 20. Ba6 Rb8 21. Nd2 {[%cal Bb1d2,Bd2c4,Bc4e3][%mdl 32]} Qd7 22. Bxa7 Re8 23. Be3 Nd3 24. Qf1 Bf4 25. Nc4 Qe6 26. Bxf4 (26. Ra5 $16) 26... Nxf4 $14 27. Ne3 Bxh3 (27... Be4 $1 $14) 28. gxh3 $18 {White is clearly better.} Nxh3+ {[#]} 29. Kh2 $1 Nf4 {[#]} (29... Ng5 $16 {keeps fighting.}) 30. Bb7 (30. Qb5 $1 $18) 30... Qh6+ {Accuracy: White = 70%, Black = 56%.} 1/2-1/2

[Event "Asian Zonal 3.3 2019"]
[Site "Ulaanbaatar"]
[Date "2019.04.15"]
[Round "9.3"]
[White "Nguyen, Van Huy"]
[Black "Gundavaa, Bayarsaikhan"]
[Result "1-0"]
[WhiteElo "2436"]
[BlackElo "2481"]
[Annotator "TA"]
[PlyCount "215"]
[EventDate "2019.04.07"]
[EventType "swiss"]
[EventRounds "9"]
[EventCountry "MGL"]
[SourceTitle "playchess.com"]
[Source "ChessBase"]
[SourceQuality "1"]

{[%evp 17,215,33,39,23,68,55,71,45,64,45,93,54,92,85,122,50,89,90,99,90,93,96,106,83,93,40,40,35,34,34,38,35,22,31,33,44,45,39,41,47,48,0,56,33,39,-35,-20,-49,-55,-81,-52,-108,-60,-79,-65,-70,0,-278,-70,-69,-66,-54,-22,-321,0,-25,-32,-73,-77,-87,-88,-173,-178,-166,-166,-156,-166,-171,-168,-160,-170,-168,-137,-168,-136,-136,-136,-137,-137,-128,-133,-124,-103,-110,-115,-165,-82,-163,-35,-32,-33,-34,-32,-32,-31,-27,-28,-56,-35,-33,-35,-56,-17,-17,105,-39,-54,-54,105,105,97,97,129,129,129,112,129,112,129,112,129,105,105,104,112,105,112,112,112,105,105,105,112,105,105,105,105,105,105,105,105,105,105,105,105,105,112,112,112,105,105,105,105,105,105,105,489,476,460,460,475,464,950,951,981,957,950,942,839,679,599,599,4141,1521,4141,1374,4141,4141,4141,4141,29955,29956,29962,29963,29974,29975,29975,29974,29973,4145]} 1. d4 f5 2. Nf3 Nf6 3. g3 g6 4. Bg2 Bg7 5. O-O O-O 6. b4 d6 7. Bb2 c6 8. c4 Na6 9. a3 Nc7 10. Nbd2 {A81: Dutch Defence: 2 g3} Kh8 11. Qc2 (11. Ne1 Be6 12. Nd3 a5 13. Qc2 axb4 14. axb4 Qd7 15. Nb3 Rxa1 16. Rxa1 Ra8 17. Na5 Rb8 {1-0 (42) Lautier,J (2658)-Gurevich,M (2688) Clichy 2001}) 11... Be6 12. Ne1 $146 {White is better.} ({Predecessor:} 12. e3 Qd7 13. Ne1 Rae8 14. Nd3 Bg8 15. Rfe1 {0-1 (39) Ilinsky,V (2350)-Ostenstad,B (2475) Gausdal 1991}) 12... Qd7 13. Nd3 Bg8 14. Rfe1 Rae8 15. Rac1 Ng4 16. Rcd1 (16. e4 $16) 16... Qc8 17. e3 Nf6 18. Rc1 a6 19. a4 Qd7 20. Qb1 Rc8 21. Red1 (21. a5 $16) 21... b5 $14 22. Qa1 bxc4 23. Nxc4 Ncd5 24. Na5 Rc7 25. Rc2 Rb8 26. Qa3 g5 27. Rdc1 {[%cal Rc2c6]} Rb6 28. Nc4 Rb8 29. Na5 {[%cal Rc2c6]} (29. Bc3 $5) 29... Rbc8 (29... Rb6 $11) 30. Ne1 Bf7 31. Bf1 (31. Nf3 $14) 31... f4 $15 32. exf4 gxf4 33. Bxa6 Ra8 34. Rxc6 (34. Bf1 $1 $15) 34... fxg3 35. hxg3 {Black must now prevent Bb5.} Rxc6 36. Rxc6 Bh6 ({Better is} 36... Qe6 $15 37. Nf3 Be8) 37. Bb5 $2 {[%mdl 8192]} (37. Bc1 $1 $11 Bxc1 38. Qxc1) 37... Qe6 $2 (37... Be3 $1 $19 38. Ra6 (38. fxe3 Rg8 $15) 38... Qh3 $3 {[%mdl 512]} 39. Rxa8+ Kg7) 38. Ng2 $1 Rg8 39. Bc1 Ng4 40. Qf3 $2 {[%mdl 8192]} (40. Bf1 $1 $11 {and White has nothing to worry.}) 40... Nxb4 $2 (40... Bxc1 $19 41. Rxc1 Qh6) 41. d5 Nxd5 {[%cal Bb4d5,Bd5c7,Bc7a6,Ba6c5][%mdl 32]} 42. Bb2+ Bg7 43. Bxg7+ Rxg7 44. Nc4 (44. Rc1 $17) 44... Be8 $1 $36 {[%mdl 2048] Black is really pushing.} 45. Ra6 Nc7 ({Don't take} 45... Rf7 46. Qd3 $17) 46. Nge3 Nxa6 ({Inferior is} 46... Nxb5 47. axb5 Nxe3 48. Nxe3 $11) 47. Bxe8 Nf6 48. Bb5 {And now Qa8+ would win.} Nc5 49. a5 d5 50. Nb6 {[%cal Rb6d5]} Rg5 51. Nbxd5 Nxd5 ({Not} 51... Rxd5 $2 52. Bc4 $18) 52. Bc4 {[%cal Re3d5]} Qf6 53. Bxd5 Qxf3 $1 54. Bxf3 $17 {[%mdl 4096] Endgame KRN-KBN} Kg7 55. Nd5 Re5 56. Kg2 Kf7 (56... Na6 $1 $19 57. Kf1 e6) 57. Kf1 (57. Nb4 $17 {is a better defense.} Re1 58. Bd5+ Ke8 59. f4) 57... Nd3 (57... Na6 $1 $19 58. Bg2 Ke6) 58. a6 $15 Re1+ 59. Kg2 Ra1 60. Be4 Ne1+ 61. Kf1 Nf3+ 62. Kg2 Ng5 63. Bd3 h6 64. Nb4 {Threatening Bc4+.} Ne6 65. Bc4 $1 {[%cal Rc4a2]} Ra4 {[#]} (65... Kf6 $11 {keeps the balance.}) 66. a7 (66. Nd3 $1 $16) 66... Rxa7 {Strongly threatening ...Kf6.} 67. Nc6 Ra4 $2 {[#]} (67... Rc7 $15 {keeps the upper hand.} 68. Ne5+ Kg7 69. Bxe6 Kf6 {[%mdl 64] Double Attack} 70. Ng4+ Kxe6 71. Nxh6 Rb7) 68. Ne5+ $1 $16 (68. Nd8+ $2 Kf6 $17) 68... Kf6 69. Nd7+ Kg6 {Hoping for ...Nd4.} 70. Bxe6 Re4 71. Bb3 {Bc2 is the strong threat.} Re1 72. Nc5 Kf6 73. Nd3 Ra1 74. Nf4 Ra3 75. Bc4 Ra4 76. Be2 Rd4 77. Kf3 e5 78. Ng2 Kg5 79. Ne3 Ra4 80. Bb5 Rb4 {aiming for ...e4+.} 81. Bc4 Rb2 82. Bd5 Rd2 83. Be4 Ra2 84. Nc4 Kf6 85. Ke3 Ra1 86. Bd3 Ra2 87. Nd6 Rb2 88. Nf5 h5 89. Nd6 Rb8 90. Ne4+ Ke6 91. Kf3 Kf5 $2 {[%mdl 8192]} (91... Kf7 $16 {is more resistant.} 92. Bc4+ Kg6) 92. Nc5+ $18 Kg5 93. Nd7 Re8 94. Ke4 h4 (94... Ra8 $142 95. Nxe5 Kf6) 95. gxh4+ Kxh4 96. Nxe5 Kg5 97. f4+ Kf6 98. Bb5 Rh8 99. Ng4+ Ke7 100. f5 Rh1 101. Kf4 (101. Bc4 $142 Kd6 102. f6) 101... Rb1 102. Bd3 Rb4+ 103. Kg5 Kf8 104. f6 {White mates.} Rd4 105. Ne5 Rb4 106. Bc4 Rb7 107. Kg6 Rc7 108. Be6 {Accuracy: White = 42%, Black = 36%.} 1-0

[Event "Asian Zonal 3.3 2019"]
[Site "Ulaanbaatar"]
[Date "2019.04.15"]
[Round "9.4"]
[White "Bilguun, Sumiya"]
[Black "Megaranto, Susanto"]
[Result "0-1"]
[WhiteElo "2488"]
[BlackElo "2523"]
[Annotator "TA"]
[PlyCount "148"]
[EventDate "2019.04.07"]
[EventType "swiss"]
[EventRounds "9"]
[EventCountry "MGL"]
[SourceTitle "playchess.com"]
[Source "ChessBase"]
[SourceQuality "1"]

{[%evp 17,148,20,28,22,30,8,26,29,25,15,19,8,26,0,10,3,10,0,0,0,4,0,7,0,16,-14,-13,-82,-82,-89,-89,-88,-66,-85,-78,-108,-100,-219,-201,-272,-272,-272,-272,-272,-272,-314,-264,-260,-263,-512,-484,-425,-298,-298,-298,-346,-346,-331,-329,-587,-586,-766,-766,-766,-766,-766,-337,-337,-329,-329,-329,-325,-295,-295,-295,-337,-327,-348,-348,-348,-287,-327,-320,-279,-279,-479,-479,-479,-479,-795,-479,-728,-653,-1016,-893,-818,-1310,-658,-557,-1514,-566,-1795,-1597,-494,-1510,-1269,-933,-695,-479,-479,-479,-3600,-3998,-4502,-2359,-29969,-29971,-29970,-29971,-29972,-29973,-29971,-29972,-29970,-29973,-29977,-29978,-29978,-29978,-29983,-29984,-29984,-29984]} 1. Nf3 Nf6 2. b3 g6 3. Bb2 Bg7 4. g3 O-O 5. Bg2 d5 6. c4 c6 7. O-O Bg4 8. d3 Bxf3 9. exf3 e6 10. f4 {A11: English Opening: 1...c6} (10. Nd2 c5 11. cxd5 Nxd5 12. Bxg7 Kxg7 13. Ne4 Nd7 14. d4 cxd4 15. Qxd4+ N7f6 16. Rfd1 Qe7 17. f4 Rfd8 {½-½ (37) Matamoros Franco,C (2525)-Ni,H (2710) Beijing 2008}) 10... a5 $146 ({Predecessor:} 10... Ne8 11. Qc2 Nd6 12. Nd2 Nd7 13. Bxg7 Kxg7 {0-1 (66) Betaneli,A (2252)-Swapnil,S (2526) Stockholm 2016}) 11. a3 Nfd7 12. Bxg7 {White has an edge.} Kxg7 13. Nc3 Nf6 14. Qc2 Nbd7 15. d4 Qb6 16. Rfd1 Rfc8 17. Rab1 Qd8 18. Qe2 Qf8 19. Ra1 Qd6 20. Rd2 Rd8 21. Nd1 dxc4 22. bxc4 {[#]} (22. Qxc4 $11 Nb6 23. Qe2) 22... Nc5 $1 $17 {[%mdl 512]} 23. Rb1 (23. dxc5 Qxd2) 23... a4 $1 24. Ne3 Nb3 25. c5 Qe7 26. Rbd1 {White wants to play Rd3.} Nxd2 27. Rxd2 {[#]} (27. Qxd2 $17 {was the only chance.} Nd5 28. Nc4) 27... b6 $1 $19 28. cxb6 Qxa3 29. Nc4 Qa1+ 30. Rd1 Qc3 31. b7 Rab8 32. Bxc6 a3 ({Don't take} 32... Rxd4 33. Rxd4 Qxd4 34. h3 $19) 33. Qa2 $2 (33. h3) 33... Nd5 34. Bxd5 Rxd5 35. Nxa3 Rxb7 36. Nb1 Qf3 37. Re1 Qd3 ({But not} 37... Rxd4 38. Qa1 $19) 38. Nd2 $2 (38. Qd2 {might work better.} Rxd4 39. Qxd3 Rxd3 40. Rc1) 38... Qc3 39. Re3 Qc1+ 40. Nf1 Rb1 {[%csl Gb1][%cal Rc1f1]} 41. Qe2 Rxd4 (41... Ra5 $142 {And now ...Ra2! would win.} 42. Kg2 Ra2 $1 {[%mdl 576] Deflection} 43. Qxa2 Qxf1+ 44. Kf3 Qh1+ {[%mdl 64] Double Attack} 45. Kg4 Qxh2) 42. Rb3 {Black must now prevent Rxb1.} Rxb3 43. Qe5+ Kg8 44. Qxd4 {[%mdl 4096] Endgame KQR-KQN} Qc3 45. Qe4 Rb4 46. Qe2 Qd4 47. Qe3 Qxe3 48. Nxe3 {KR-KN} f5 49. Kg2 {[#]} e5 $1 50. fxe5 Re4 51. h4 $2 (51. Nf1 {is a better defense.}) 51... Rxe5 52. Kf3 Kf7 53. Ng2 (53. g4 $142 fxg4+ 54. Kxg4) 53... Ra5 54. Nf4 (54. g4 $142 Ra3+ 55. Ne3) 54... Ra3+ 55. Kg2 Kf6 56. Nh3 h6 (56... Ke5 $142 57. Ng5 Ra7 58. Nf3+ Kd5) 57. Nf4 Ra5 58. Nh3 Ra6 59. Nf4 Ke5 60. Nd3+ Kd4 61. Nf4 Ke4 62. Nh3 Kd3 63. Ng1 {[#]} f4 $1 64. gxf4 (64. Nh3 $142 fxg3 65. Kxg3) 64... Ke4 65. Kg3 h5 66. f3+ Ke3 {Black mates.} 67. Nh3 Ra2 68. f5 gxf5 69. Nf4 {[#]} Rd2 $1 {[%cal Rd2d6]} 70. Nxh5 Rd7 71. Kg2 f4 72. Nf6 Rg7+ 73. Ng4+ Rxg4+ 74. fxg4 {[#]} Ke2 $1 {Accuracy: White = 35%, Black = 81%.} 0-1

[Event "Asian Zonal 3.3 2019"]
[Site "Ulaanbaatar"]
[Date "2019.04.15"]
[Round "9.6"]
[White "Bersamina, Paulo"]
[Black "Chinguun, Bayaraa"]
[Result "1-0"]
[WhiteElo "2444"]
[BlackElo "2033"]
[Annotator "TA"]
[PlyCount "99"]
[EventDate "2019.04.07"]
[EventType "swiss"]
[EventRounds "9"]
[EventCountry "MGL"]
[SourceTitle "playchess.com"]
[Source "ChessBase"]
[SourceQuality "1"]

{[%evp 10,99,14,0,8,4,22,11,58,54,60,50,54,48,61,52,72,72,142,136,154,133,146,143,151,162,154,152,161,154,163,152,207,206,238,225,274,277,265,203,203,206,186,193,227,225,226,221,229,222,205,177,585,574,563,584,510,218,298,234,213,233,470,430,470,470,446,463,461,456,445,404,520,518,512,511,489,494,726,726,679,670,5708,4718,5679,5700,29975,29976,29976,29977,29975,29976]} 1. e4 c5 2. Nc3 Nc6 3. Bb5 Nd4 4. Nf3 Nxb5 5. Nxb5 d6 6. d4 cxd4 {aiming for ...Qa5+. B23: Closed Sicilian: Lines without g3} (6... Nf6 7. Qd3 a6 8. Nc3 cxd4 9. Nxd4 e5 10. Nf5 Bxf5 11. exf5 h6 12. Bd2 Be7 13. O-O-O O-O 14. g4 {1-0 (38) Rapport,R (2719)-Nihal,S (2556) Abu Dhabi 2018}) 7. Qxd4 {Qc3 is the strong threat.} Bd7 8. Nc3 Bc6 {The position is equal.} 9. O-O e5 10. Qd3 $146 ({Predecessor:} 10. Qc4 Rc8 11. Qb3 Rc7 12. Rd1 Rd7 13. Be3 Be7 14. Nxe5 dxe5 {1-0 (38) Rauer,W (1574)-Hoffmann,P (1798) Freudenstadt 2015}) 10... Be7 11. Rd1 $36 {[%mdl 2048] Black is under pressure.} Qc7 12. a4 Nf6 13. Bg5 Rd8 (13... a6 $142) 14. Bxf6 Bxf6 15. Nb5 $1 {[%cal Rb5c7]} Bxb5 16. axb5 (16. Qxb5+ $6 Qc6 $14) 16... Qb6 17. Nd2 O-O 18. Qd5 Qc7 19. c3 b6 20. Ra4 Bg5 (20... Qe7 $16 {is a better defense.} 21. Nc4 Rd7) 21. Nf3 $18 Be7 22. Ne1 Kh8 23. Rda1 Ra8 24. Qc6 Qxc6 25. bxc6 a5 26. b4 $1 {[%cal Bb2b4,Bb4b5][%mdl 32]} Rac8 {[#]} 27. b5 $1 ({Not} 27. bxa5 bxa5 28. Rc4 (28. Rxa5 Rxc6 29. Ra7 Bd8 $11) 28... Bd8 $16) 27... f5 28. exf5 Rxf5 29. Nc2 Bg5 30. Rd1 Rf6 $2 (30... e4 {is tougher.}) 31. h4 Bh6 32. Na3 Rcf8 33. c7 (33. Nc4 $142) 33... Rc8 34. Rc4 {Hoping for Rc6.} g6 {[#] intending ...Bf8.} 35. Rc6 $1 {And now Nc4 would win.} Bf8 $2 (35... Rf7 36. Nc4 (36. Rdxd6 Rcxc7 37. Nc4 {[%mdl 64] Double Attack} Bf8 $18) (36. Rxb6 Rfxc7 37. Rbxd6 Rxc3 $16) 36... Rcxc7) 36. Nc4 Rf7 37. Nxb6 Rcxc7 38. Nd5 Rb7 39. b6 Kg7 40. Ra1 Be7 41. Rxa5 Bxh4 42. g3 Bd8 43. Rxd6 Be7 (43... Bxb6 $142 44. Nxb6 e4) 44. Nxe7 Rbxe7 {[%mdl 4096] Endgame KRR-KRR} 45. c4 Rf6 46. Rxf6 Kxf6 47. c5 Ke6 48. c6 {White mates.} Kd6 49. b7 Re8 50. Ra8 {Accuracy: White = 82%, Black = 36%.} 1-0

[Event "Asian Zonal 3.3 2019"]
[Site "Ulaanbaatar"]
[Date "2019.04.15"]
[Round "9.7"]
[White "Tugstumur, Yesuntumur"]
[Black "Priasmoro, Novendra"]
[Result "1-0"]
[WhiteElo "2355"]
[BlackElo "2479"]
[Annotator "TA"]
[PlyCount "85"]
[EventDate "2019.04.07"]
[EventType "swiss"]
[EventRounds "9"]
[EventCountry "MGL"]
[SourceTitle "playchess.com"]
[Source "ChessBase"]
[SourceQuality "1"]

{[%evp 9,85,22,49,47,52,53,66,63,58,55,60,44,74,48,50,37,43,50,52,49,70,71,71,66,73,52,71,56,65,50,91,87,77,62,114,89,106,115,96,90,64,68,104,116,115,117,165,172,181,185,218,207,246,246,224,244,240,229,183,129,226,196,327,311,1964,779,6183,6179,5314,5218,29986,29980,29989,29990,29990,29972,29976,29975]} 1. d4 d6 2. Nf3 Nf6 3. c4 g6 4. Nc3 Bf5 5. g3 Qc8 (5... Ne4 6. Bd2 Bg7 7. Bg2 Nxd2 8. Qxd2 O-O 9. O-O Nc6 10. d5 Na5 11. b3 c5 12. e4 Bd7 13. Rae1 Qc7 {½-½ (90) Onischuk,A (2667)-Caruana,F (2817) Saint Louis 2017}) 6. Bg2 {E61: King's Indian: Early deviations for White, including Smyslov System} Bh3 7. O-O Bxg2 8. Kxg2 {White is slightly better.} Bg7 9. e4 O-O 10. Bg5 Nc6 $146 ({Predecessor:} 10... h6 11. Bxf6 exf6 12. Qd3 Re8 13. b4 {0-1 (57) Roeder,M (2435)-Azmaiparashvili,Z (2650) Antwerp 1998}) 11. Re1 h6 12. Bxf6 Bxf6 13. Qd2 Bg7 14. d5 Ne5 15. Nxe5 dxe5 16. Rad1 e6 17. Qe3 Re8 18. Nb5 {Threatens to win with d6.} exd5 19. exd5 Qd7 20. d6 cxd6 21. Rxd6 Qe7 (21... Qc8 $14) 22. Red1 $16 {Black must now prevent Rd7.} Red8 23. Rxd8+ Rxd8 24. Rxd8+ Qxd8 25. Qxa7 Qc8 26. b3 Qc6+ {[#]} 27. Kg1 $1 Kh7 28. Nc3 Qf3 {[#]} 29. Qe3 $1 {[%cal Re3f3]} Qh5 30. h4 Qg4 31. Qe4 Qd7 32. h5 f5 33. hxg6+ Kxg6 34. Qd5 (34. Qe3 $18) 34... Qe7 (34... Qxd5 $16 35. Nxd5 Kf7) 35. c5 $18 Qg5 (35... Qf7 $142 36. Qd6+ Qf6) 36. Qe6+ Kh5 $2 (36... Qf6 37. Qc8 e4) 37. Kg2 (37. Qf7+ $142 Qg6 38. Qxb7) 37... Qg4 38. Qf7+ Qg6 39. Qxb7 e4 40. Nd5 {White mates.} Be5 41. Qe7 {[%csl Gg3][%cal Re7h4]} Qg4 42. Qf7+ Kg5 43. Qg8+ {Accuracy: White = 68%, Black = 38%.} 1-0

[Event "Asian Zonal 3.3 2019"]
[Site "Ulaanbaatar"]
[Date "2019.04.15"]
[Round "9.8"]
[White "Batsuren, Dambasuren"]
[Black "Garidmagnai, Byambasuren"]
[Result "1/2-1/2"]
[WhiteElo "2444"]
[BlackElo "2313"]
[Annotator "TA"]
[PlyCount "101"]
[EventDate "2019.04.07"]
[EventType "swiss"]
[EventRounds "9"]
[EventCountry "MGL"]
[SourceTitle "playchess.com"]
[Source "ChessBase"]
[SourceQuality "1"]

{[%evp 16,101,51,21,54,33,70,58,89,45,36,-64,-62,-65,-8,-10,6,15,41,-23,-16,-8,-11,-46,0,0,0,-5,0,-22,4,0,55,59,64,55,53,57,30,49,53,35,54,54,69,69,69,0,11,6,113,58,153,150,148,148,243,246,624,180,194,171,211,16,9,12,18,30,32,0,51,37,115,109,87,79,72,70,58,0,0,0,0,0,0,0,0,0]} 1. d4 g6 2. c4 Bg7 3. Nf3 d6 4. Nc3 e5 5. g3 Nc6 6. d5 Nce7 7. Bg2 Nf6 8. O-O O-O 9. Ne1 {LiveBook: 15 Games} c5 {E62: King's Indian: Fianchetto: 6...c6 and Panno Variation (6...Nc6) without ...a6} (9... Ng4 10. e4 f5 11. Nd3 h6 12. f3 Nf6 13. f4 exf4 14. Nxf4 c6 15. Kh1 g5 16. Ne6 Bxe6 17. dxe6 fxe4 18. Be3 d5 19. Bc5 Rc8 20. Qb3 Rc7 {1-0 (41) Dragun,K (2580)-Markowski,T (2578) Poland 2015}) 10. Nd3 $146 ({Predecessor:} 10. e4 Nd7 11. Nd3 f5 12. f3 Kh8 13. Bg5 h6 14. Bd2 a6 15. a4 a5 16. Nb5 Nf6 {½-½ (16) Panno,O-Petrosian,T Portoroz 1958}) 10... Bd7 11. e4 {[%cal Be2e4,Be4e5][%mdl 32]} a6 {White is slightly better.} 12. f4 exf4 13. gxf4 (13. Bxf4 $14 Nc8 14. Qb3) 13... b5 $15 14. e5 Nh5 (14... Bg4 $15 15. Qd2 Nd7) 15. b3 $1 $11 Nf5 16. Ne4 Re8 17. Re1 (17. Qe2 $14) 17... dxe5 18. fxe5 Rxe5 19. Bg5 Qf8 20. Nxe5 Bxe5 21. Rc1 $132 {[%mdl 2048] White is not keeping still} h6 22. Bd2 $1 {[%cal Rd2c3]} b4 23. Kh1 Bd4 (23... Qe7 $11 24. Nf2 (24. Nxc5 $2 Nhg3+ 25. hxg3 Nxg3+ 26. Kg1 Bd4+ {[%mdl 64] Double Attack} 27. Be3 Bxe3+ 28. Rxe3 Qxe3+ 29. Kh2 Ne2 $19) 24... Qd6) 24. Bf3 Nf6 25. Nxf6+ Bxf6 26. Bg4 h5 27. Bh3 a5 28. Bf4 a4 29. Qd3 Qc8 30. Be5 Qd8 $1 31. Re2 (31. Bxf6 $14 Qxf6 32. Rf1) 31... axb3 32. axb3 Ra3 (32... Bxe5 $11 33. Rxe5 Qf6) 33. Rce1 ({Better is} 33. Rg1 $16 {And now Bxf5 would win.} Kh7 34. Rf2 Bxe5 35. Bxf5) 33... Kg7 (33... Bxe5 $14 34. Rxe5 Qf6) 34. Bxf5 $1 $16 Bxf5 35. Qe3 h4 (35... Kh7 $16 {was necessary.}) 36. Qg5 (36. Qxc5 Rxb3 37. d6 Rd3 $16) 36... Qb6 $2 {[#]} (36... Ra8 37. Qxh4 Bxe5 38. Qxd8 Rxd8) 37. Qxf6+ $2 (37. Rg1) 37... Qxf6 $18 38. d6 ({Don't do} 38. Bxf6+ Kxf6 39. Rb2 Bg4 $16) 38... Ra7 39. Rf2 $2 {[#]} ({Don't take} 39. Bxf6+ $6 Kxf6 40. Kg1 Rd7) ({White should try} 39. Rd2 $18) 39... Qxe5 $1 $11 {[%mdl 512]} 40. Rxe5 {[%mdl 4096] Endgame Hoping for Kg1. KRR-KRB} Ra1+ $1 41. Kg2 Rd1 42. Rxc5 Rxd6 (42... Be4+ $11 43. Kh3 f5 44. Kxh4 Kf6) 43. Rb5 Rd3 (43... Be4+ $1 $14 44. Kf1 f5) 44. Rb2 $16 Rc3 45. Rxb4 g5 46. c5 {[%cal Bc4c5,Bc5c6][%mdl 32] Black must now prevent Rc4.} Be6 47. Rd4 ({White should play} 47. Kf2 $14) 47... Bxb3 $11 {The position is equal.} 48. Rxb3 Rxb3 49. Rc4 Rb7 50. c6 Rc7 51. Rc5 {Accuracy: White = 49%, Black = 38%.} 1/2-1/2